Movies Quiz

Random Movies or Disney Quiz

Dopey Disney Quiz Stats

 Plays Quiz Updated Oct 7, 2018

Score 0/28 Timer 06:00
0 Plays Today
% Correct
Aladdin
97.6%
Pinocchio
96.7%
Bambi
96.6%
Snow White and the Seven Dwarfs
94.6%
Alice in Wonderland
94%
Cinderella
93.6%
Dumbo
93%
The Lion King
92.7%
Frozen
91.4%
The Jungle Book
90.3%
Beauty and the Beast
90%
The Little Mermaid
89.9%
Peter Pan
89.4%
Hercules
88.4%
% Correct
Hunchback of Notre Dame
86.9%
Tarzan
86.7%
Tangled
86.5%
Moana
86.1%
The Aristocats
84.3%
Mulan
84.1%
The Emperor's New Groove
82.6%
Zootopia
79.7%
Robin Hood
72.4%
The Princess and the Frog
65.1%
The Fox and the Hound
47.9%
The Sword in the Stone
27.4%
The Rescuers Down Under
26.3%
Fun and Fancy Free
14.5%

You're not logged in!

Compare scores with friends on all Sporcle quizzes.
OR
Log In

Sporcle TV

Today on Sporcle TV


Watch our educational content, quiz creation guides, and fun videos on Sporcle TV.

Show Comments

Extras

Top Quizzes Today


Score Distribution

Your Account Isn't Verified!

In order to create a playlist on Sporcle, you need to verify the email address you used during registration. Go to your Sporcle Settings to finish the process.

Report this User

Report this user for behavior that violates our Community Guidelines.

Details: